| 000 | 00835nam2a2200217 4500 | ||
|---|---|---|---|
| 001 | rc\3025510 | ||
| 005 | 20260315071301.0 | ||
| 035 | _a(NLR Aleph) 007208116 | ||
| 090 |
_a13630395 _c13630395 |
||
| 100 | _a20110929d1936 u y0rusy50 ca | ||
| 101 | 0 | _arus | |
| 102 | _aRU | ||
| 105 | _ay z ||||| | ||
| 200 | 1 |
_aКаков путь контрреволюционных троцкистов-зиновьевцев? _aЧто решила конференция в Монтре о проливах? |
|
| 210 | _d1936 | ||
| 461 | 0 |
_1001rc\3025501 _12001#$aОтветы на вопросы молодежи$v14 _97660315 _c[Москва] _d1936 _nМол. гвардия _tОтветы на вопросы молодежи _v14 |
|
| 801 | 0 |
_aRU _bNLR _gpsbo |
|
| 801 | 1 |
_aRU _bELAR _2rusmarc |
|
| 852 |
_aNLR _j35-18/439 |
||
| 942 | _cUNSPEC | ||
| 980 | _aNB | ||